000 00749nam a2200241 i 4500
001 bg
100 1 _aKOROL, Julitta
245 1 0 _aExcel 5 PL :
_bkrok po kroku : [wersja polska] /
_cJulitta Korol ; [oprac. wersji pol. Grzegorz Miksiński].
260 _aWarszawa :
_bMikom,
_c1995.
300 _a431 s. :
_brys., wykr. ;
_c24 cm.
630 0 9 _aExcel
630 0 9 _aWINDOWS
655 _aPodręczniki
700 1 _aMIKSIŃSKI, Grzegorz.
_eOprac.
020 _a8385625704
040 _cBPK
041 0 _apl
080 _a657+651:004.42](07)
920 _a83-85625-70-4
942 _cKS
008 s pl f |000 0 pol
856 _uhttp://koha.tu.koszalin.pl/cgi-bin/koha/opac-detail.pl?biblionumber=32993
_yKatalog online BPK
999 _c32993
_d32993